Introduccion al estudio de los deslizamientos en Santiago de Puriscal
Guardado en:
| Hovedforfatter: | |
|---|---|
| Format: | Tesis Bog |
| Sprog: | Undetermined |
| Udgivet: |
1985
|
| Fag: | |
| Tags: |
Tilføj Tag
Ingen Tags, Vær først til at tagge denne postø!
|
MARC
| LEADER | 00000nam a2200000Ia 4500 | ||
|---|---|---|---|
| 001 | 2567 | ||
| 008 | 140114s9999 xx 000 0 und d | ||
| 100 | |a Salazar Rojas, Luis Alfonso | ||
| 245 | |a Introduccion al estudio de los deslizamientos en Santiago de Puriscal | ||
| 260 | |c 1985 | ||
| 500 | |a NULL | ||
| 502 | |a Escuela de ingenieria Civil | ||
| 650 | |z DESLIZAMIENTOS | ||
| 999 | |c 11596 |d 11596 | ||
